| 000 | 00606nam a22001937a 4500 | ||
|---|---|---|---|
| 003 | OSt | ||
| 005 | 20240628031531.0 | ||
| 008 | 240628b |||||||| |||| 00| 0 eng d | ||
| 020 | _a0883470993 | ||
| 040 |
_aDWC- Main Lib _cOC |
||
| 082 | _aCirc. 158.1 K35f 1979 | ||
| 100 | _aKennedy , Eugene C. | ||
| 245 |
_aFree to be human / _c Eugene C. Kennedy |
||
| 260 |
_aChicago, Illinois : _bThe Thomas More Press, _cc1979. |
||
| 300 |
_a174 pages : _billustrations ; _c21cm. |
||
| 650 | _a1. Conduct of life | ||
| 650 | _a2. Self- acceptance – Religious aspects– Christianity | ||
| 942 |
_2ddc _cBK-CIRC _n1 |
||
| 999 |
_c1568 _d1568 |
||